Statistics for Sherlock Holmes Actors (BBC)

Click here to take the quiz!

General Stats

  • This quiz has been taken 48 times
  • The average score is 6 of 11

Answer Stats

HintAnswer% Correct
Sherlock Holmes Benedict Cumberbatch
100%
John WatsonMartin Freeman
98%
James MoriartyAndrew Scott
74%
Myrcroft HolmesMark Gatiss
67%
Mrs. HudsonUna Stubbs
64%
Mary WatsonAmanda Abbington
57%
Irene AdlerLara Pulver
40%
Greg LestradeRupert Graves
40%
Molly HooperLouise Brealey
26%
Sally DonovanVinette Robinson
21%
AndersonJonathan Aris
19%

Score Distribution

Percentile by Number Answered

Percent of People with Each Score

Your Score History

You have not taken this quiz